000 00599nam a2200193Ia 4500
003 GCL
008 140319s9999 xx 000 0 ara d
040 _aGCL /
_cGCL
082 0 4 _a813.008
_bا ب
100 1 _aاحمد محمد النقيب
_vComposer
_@
…لحن
245 1 0 _aالبديل: قصص قصيرة /
_cاحمد محمد النقيب
260 _a[S.N] :
_bالمجلس الاعلى للثقافة ،
_c1992
300 _a93 ص
490 _a
650 0 4 _aالادب العربى
650 0 4 _aالقصص القصيرة
650 0 4 _aالمجموعات
942 _2ddc
_cBK
999 _c57756
_d57756